00720nam a2200205 i 4500001000700000003000900007005001700016007000300033008004100036020001800077100001600095245019400111260003200305300002700337490003700364700003700401700002000438830003400458852002200492134531ES-MaACL20250707035512.0t|070911s1985 sp ||||1| spa d a84-309-1184-71 aWeber, Max.13aEl problema de la irracionalidad en las ciencias sociales / cMax Weber ; estudio preliminar José María García Blanco ; traducción de Lioba Simón y José María García Blanco. aMadrid : bTecnos, c[1985] aXXX, 192 p. ; c18 cm.1 aClásicos del pensamiento ; v91 aGarcía Blanco, José María.1 aSimón, Lioba.00aClásicos del pensamientov9 aES-MaACLjL-12660